| 000 | 01432nam a22003857a 4500 | ||
|---|---|---|---|
| 003 | CHAP | ||
| 005 | 20220329143122.0 | ||
| 008 | 060517d2005 mx abd r 00110 spa d | ||
| 010 | _a92197 | ||
| 011 | _a93169 | ||
| 035 | _a103741 | ||
| 040 | _cCHAP | ||
| 090 | _aTesis | ||
| 100 | 1 |
_aEspinosa Reyes, Guillermo _937983 |
|
| 245 | 1 | 0 |
_aOrganización de manchones de vegetación leñosa y su relación con roedores en el sur del desierto chihuahuense _c/por Guilermo Espinosa Reyes |
| 260 |
_aChapingo, Méx. : _bEl autor, _c2005 |
||
| 300 |
_a87 h. : _bilus. ; gráfs. ; mapas ; cuadros |
||
| 502 | _aTesis (M. C. Ambientales) -- Universidad Autónoma de San Luis Potosí. Facultades de Ciencias Químicas, Ingeniería y Medicina | ||
| 590 |
_aALEPH _b10 _c20130110 _lUCH01 _h1511 |
||
| 590 |
_aBATCH-UPD _b10 _c20130110 _lUCH01 _h0822 |
||
| 590 |
_aBATCH-UPD _b10 _c20130410 _lUCH01 _h0500 |
||
| 590 |
_aBATCH-UPD _b10 _c20130914 _lUCH01 _h0745 |
||
| 590 |
_aCONVERSION _b10 _c20130109 _lUCH01 _h1351 |
||
| 650 | 1 | 4 |
_aArbustos. _96713 |
| 650 | 1 | 4 |
_aBotánica forestal. _914679 |
| 650 | 1 | 4 |
_aDesierto de Chihuahua, Chih. _932139 |
| 650 | 1 | 4 |
_aLeña. _966051 |
| 650 | 1 | 4 |
_aRoedores. _999027 |
| 650 | 1 | 4 |
_aSucesión ecológica. _9110164 |
| 650 | 1 | 4 |
_aVegetación secundaria. _9118328 |
| 901 | _aBK | ||
| 905 | _aMarco A. Mendoza T. | ||
| 942 | _cTESIS | ||
| 949 |
_aTesis _bBC _cTES _d00000001037411 _eTS1 _gDonaciØn _h45221 _i103741 _sb |
||
| 999 |
_c92197 _d92197 |
||